000 00397nam a2200133Ia 4500
005 20260328104344.0
008 260328s9999||||xx |||||||||||||| ||und||
100 _aGraffenreid, Diane
245 0 _aPanamá :
_b sovereignty for a land divided ,a People´s primer by the epica task force /
_cDiane Graffenreid
260 _bEpica task force
300 _a128 p.
650 _aPANAMÁ
942 _cBK
999 _c12222
_d12222